Rural development : (Record no. 586318)

000 -LEADER
fixed length control field 00752cam a22002178i 4500
020 ## - INTERNATIONAL STANDARD BOOK NUMBER
International Standard Book Number 9789351509981 (pbk. : alk. paper)
082 00 - DEWEY DECIMAL CLASSIFICATION NUMBER
Classification number 307.116
100 1# - MAIN ENTRY--PERSONAL NAME
Personal name Singh, Katar,
Dates associated with a name 1939-
Relator term author.
245 10 - TITLE STATEMENT
Title Rural development :
Remainder of title principles, policies and management /
Statement of responsibility, etc. Katar Singh and Anil Shishodia.
250 ## - EDITION STATEMENT
Edition statement 4th edition.
260 ## - PUBLICATION, DISTRIBUTION, ETC.
Place of publication, distribution, etc. London
Name of publisher, distributor, etc. Sage Texts
Date of publication, distribution, etc. 2016
300 ## - PHYSICAL DESCRIPTION
Extent 335p
504 ## - BIBLIOGRAPHY, ETC. NOTE
Bibliography, etc. note Includes bibliographical references and index.
650 #0 - SUBJECT ADDED ENTRY--TOPICAL TERM
Topical term or geographic name entry element Rural development.
650 #0 - SUBJECT ADDED ENTRY--TOPICAL TERM
Topical term or geographic name entry element Rural development
700 1# - ADDED ENTRY--PERSONAL NAME
Personal name Shishodia, Anil,
Dates associated with a name 1962-
942 ## - ADDED ENTRY ELEMENTS (KOHA)
Source of classification or shelving scheme
Koha item type Book
650 #0 - SUBJECT ADDED ENTRY--TOPICAL TERM
-- 12569
650 #0 - SUBJECT ADDED ENTRY--TOPICAL TERM
-- 81953
700 1# - ADDED ENTRY--PERSONAL NAME
-- 81954
Holdings
Withdrawn status Lost status Source of classification or shelving scheme Damaged status Not for loan Permanent Location Current Location Date acquired Source of acquisition Total Checkouts Total Renewals Full call number Barcode Checked out Date last seen Date last checked out Price effective from Koha item type
          Central Library (CL) Central Library (CL) 08/31/2021 Allied Book Company 1 1 307.116 SIN CL-603 09/21/2022 06/12/2022 06/12/2022 08/31/2021 Book
© 2023 Central Library, National University of Sciences and Technology. All Rights Reserved.